Normal view
MARC view
Entry Topical Term
001 - CONTROL NUMBER
- control field: 18104
003 - CONTROL NUMBER IDENTIFIER
- control field: dpl
005 - DATE AND TIME OF LATEST TRANSACTION
- control field: 20100903141346.0
008 - FIXED-LENGTH DATA ELEMENTS
- fixed length control field: 100903|||a|||||| | ||| d
040 ## - CATALOGING SOURCE
- Original cataloging agency: dpl
- Transcribing agency: dpl
150 ## - HEADING--TOPICAL TERM
- Topical term or geographic name as entry element: Short stories, Hindi
670 ## - SOURCE DATA FOUND
- Source citation: Work cat.: (dpl)27812: देवसरे, हरिकृष्ण 18103, संपूर्ण बाल विज्ञान कथाएँ /, 2009
670 ## - SOURCE DATA FOUND
- Source citation: Work cat.: (dpl)27812: देवसरे, हरिकृष्ण 18103, संपूर्ण बाल विज्ञान कथाएँ /, 2009
